Najludniejsze miasta Europy, z wyjątkami - Statystyki

Ogólne statystyki
  • Ten quiz został rozwiązany 352 razy
    184 od ostatniego zresetowania
  • Średni wynik to 14 z 15
Statystyki odpowiedzi
Populacja Miasto Państwo % Poprawnych
6,7 mln Madryt Hiszpania
98%
3,4 mln Rzym Włochy
97%
3,6 mln Ateny Grecja
96%
4,9 mln Barcelona Hiszpania
96%
15,9mln Stambuł Turcja
96%
2,5 mln Warszawa Polska
96%
2,4 mln Wiedeń Austria
95%
2,8 mln Bruksela Belgia
94%
2,5 mln Lizbona Portugalia
94%
2,3 mln Sztokholm Szwecja
94%
2,5 mln Budapeszt Węgry
93%
6,1 mln Mediolan Włochy
93%
4,1 mln Neapol Włochy
88%
3,4 mln Rotterdam | Haga Holandia
87%
2,5 mln Amsterdam Holandia
82%
Nie znaleziono quizów pasujących do podanych kryteriów
Rozkład punktacji
Procent ludzi z każdym wynikiem
Percentyl według liczby udzielonych odpowiedzi
Twoja historia wyników
Nie rozwiązałeś tego quizu od ostatniego zresetowania